| 000 | 00747 a2200169 4500 | ||
|---|---|---|---|
| 003 | Nust | ||
| 005 | 20170207154159.0 | ||
| 040 | _cNust | ||
| 082 | _a516.3 | ||
| 100 | _aYusuf, S. M. | ||
| 245 |
_aCalculus with analytic geometry _cS. M. Yusuf and Muhammad Amin |
||
| 260 |
_aLahore _bIlmi Kitab Khana _c1995 |
||
| 300 | _a524 p. | ||
| 505 | _aReal Numbers, Limits and Continuity (Page-1) Derivatives’ and Antiderivatives (Page-47) General Theorems, Indeterminate Forms (Page-119) The Definite Integral (Page-149) Plane Curves I (Page-189) Plane Curves II (Page-261) Analytic Geometry of Three Dimensions (Page-335) Partial Differentiation, Volumes and Surfaces (Page-405) Multiple Integrals (Page-443) | ||
| 650 | _aCalculus | ||
| 651 | _aGeometry | ||
| 942 |
_2ddc _cBK |
||
| 999 |
_c194649 _d194649 |
||